000 00272nam a22001097a 4500
008 160519b xxu||||| |||| 00| 0 eng d
020 _a0131849107
041 _aeng
080 _a61
245 _aMedical terminology:
_cBonnie F. Fremgen; Suzanne S. Frucht;
942 _2udc
_cBK
999 _c2270
_d2270